| 000 | 00568nam a2200205Ia 4500 | ||
|---|---|---|---|
| 005 | 20260122095407.0 | ||
| 008 | 260121s9999||||xx |||||||||||||| ||und|| | ||
| 020 | _a9781307567281 | ||
| 082 |
_a150.72 _bRAB |
||
| 100 | _aRabeling, Inge | ||
| 245 | 0 |
_aMethods in behavioural research / _cInge Rabeling |
|
| 250 | _a14th ed. | ||
| 260 |
_aNew York : _bMcgraw-Hill, _c2020. |
||
| 300 | _aiii, 188p.; pbk | ||
| 650 | _aBehavioral research | ||
| 650 | _aPsychology—Methodology | ||
| 650 | _aResearch design | ||
| 700 | _aRadboud University Nijmegen | ||
| 942 | _cTB | ||
| 999 |
_c47268 _d47268 |
||